河南省城市 - Statistics

General Stats
  • This quiz has been taken 37 times
    35 since last reset
  • The average score is 14 of 18
Answers on the Grid
Answers color-coded by a green-red scale on the quiz's grid according to % correct below.
济源
枣庄
洛阳
平顶山
三门峡
运城
郑州
开封
安阳
鹤壁
新乡
焦作
濮阳
漯河
许昌
南阳
商丘
周口
信阳
驻马店
云浮
四平
德阳
绵阳
咸阳
潍坊
日照
烟台
榆林
兴安
十堰
毕节
三明
双鸭山
曲靖
鸡西
 
Answer Stats
Answer % Correct
新乡
92%
洛阳
85%
平顶山
85%
郑州
85%
开封
85%
安阳
85%
濮阳
85%
许昌
85%
商丘
85%
信阳
85%
三门峡
77%
焦作
77%
周口
77%
驻马店
77%
鹤壁
69%
漯河
69%
南阳
69%
济源
62%
No matching quizzes found
Score Distribution
Percent of People with Each Score
Percentile by Number Answered
Your Score History
You have not taken this quiz since the last reset